|
|
|
|
| LEADER |
00000nab a2200000 a 4500 |
| 001 |
vtls000503063 |
| 003 |
SK-MaSNL |
| 005 |
20260304085001.0 |
| 008 |
250425c1993 xo 0 slo |
| 015 |
|
|
|a SNBRB19rr/mm-uuuuu
|
| 035 |
|
|
|a CL0503201
|
| 035 |
|
|
|a urn:nbn:sk:snk-ab2rmt
|
| 035 |
|
|
|a (urnnbn)urn:nbn:sk:snk:ar-a02ui2
|
| 035 |
|
|
|a (uuid)9b647cb4-9ef6-4e87-b49c-200bb02f17c7
|
| 040 |
|
|
|a SNKBUCL
|b slo
|c SNKBUCL
|e AACR2
|
| 041 |
0 |
|
|a slo
|
| 044 |
|
|
|a xo
|c SK
|
| 080 |
|
|
|a 800.2:808.1
|2 1981
|
| 080 |
|
|
|a 940(=854)
|2 1981
|
| 080 |
|
|
|a 936.7
|2 1981
|
| 080 |
|
|
|a 808.1(091)
|2 1981
|
| 100 |
1 |
|
|a Mańczak, Witold,
|d 1924-2016
|4 aut
|9 221995
|
| 245 |
1 |
0 |
|a Conception ethnogénétique de Ľudovít Novák
|c Witold Maňczak
|
| 300 |
|
|
|b Res. slov., lit. 6 zázn. vo franc., nem., poľ., slov.
|
| 650 |
0 |
7 |
|a slovanské jazyky
|2 snkbucl
|9 1338
|
| 650 |
0 |
7 |
|a Slovania
|2 snkbucl
|9 18587
|
| 655 |
|
7 |
|a články z novín a časopisov
|2 snkbucl
|9 267496
|
| 655 |
|
7 |
|a články z odboru slavistika
|2 snkbucl
|9 150819
|
| 700 |
1 |
|
|a Novák, Ľudovít,
|d 1908-1992
|4 aut
|9 108472
|
| 773 |
0 |
|
|t Slovak review
|g Roč. 2, č. 1 (1993), s. 66-72
|
| 850 |
|
|
|a Slovenská národná knižnica
|
| 852 |
|
|
|a Slovenská národná knižnica
|
| 954 |
|
|
|a odborná, vedecká literatúra pôvodná (slovenská)
|2 lita
|
| 958 |
|
|
|a article27
|
| 958 |
|
|
|a NB
|
| 958 |
|
|
|a RK
|
| 958 |
|
|
|a PL
|
| 958 |
|
|
|a SS
|
| 958 |
|
|
|a OND
|
| 958 |
|
|
|a EUIPO
|
| 992 |
|
|
|a RBX
|
| 999 |
|
|
|c 2805921
|d 2807851
|